<?xml version="1.0" encoding="UTF-8"?><?xml-stylesheet type="text/xsl" href="static/style.xsl"?><OAI-PMH xmlns="http://www.openarchives.org/OAI/2.0/" xmlns:xsi="http://www.w3.org/2001/XMLSchema-instance" xsi:schemaLocation="http://www.openarchives.org/OAI/2.0/ http://www.openarchives.org/OAI/2.0/OAI-PMH.xsd"><responseDate>2026-04-14T02:15:38Z</responseDate><request verb="GetRecord" identifier="oai:www.recercat.cat:2117/361562" metadataPrefix="marc">https://recercat.cat/oai/request</request><GetRecord><record><header><identifier>oai:recercat.cat:2117/361562</identifier><datestamp>2026-02-08T02:57:32Z</datestamp><setSpec>com_2072_1033</setSpec><setSpec>col_2072_452950</setSpec></header><metadata><record xmlns="http://www.loc.gov/MARC21/slim" xmlns:dcterms="http://purl.org/dc/terms/" xmlns:xsi="http://www.w3.org/2001/XMLSchema-instance" xmlns:doc="http://www.lyncode.com/xoai" xsi:schemaLocation="http://www.loc.gov/MARC21/slim http://www.loc.gov/standards/marcxml/schema/MARC21slim.xsd">
   <leader>00925njm 22002777a 4500</leader>
   <datafield ind2=" " ind1=" " tag="042">
      <subfield code="a">dc</subfield>
   </datafield>
   <datafield ind2=" " ind1=" " tag="720">
      <subfield code="a">Costa, Vinicius</subfield>
      <subfield code="e">author</subfield>
   </datafield>
   <datafield ind2=" " ind1=" " tag="720">
      <subfield code="a">Bonatto, Benedito Donizeti</subfield>
      <subfield code="e">author</subfield>
   </datafield>
   <datafield ind2=" " ind1=" " tag="720">
      <subfield code="a">Zambroni de Souza, Antonio Carlos</subfield>
      <subfield code="e">author</subfield>
   </datafield>
   <datafield ind2=" " ind1=" " tag="720">
      <subfield code="a">Ribeiro, Paulo Fernando</subfield>
      <subfield code="e">author</subfield>
   </datafield>
   <datafield ind2=" " ind1=" " tag="720">
      <subfield code="a">Castilla Fernández, Miguel</subfield>
      <subfield code="e">author</subfield>
   </datafield>
   <datafield ind2=" " ind1=" " tag="720">
      <subfield code="a">Arango, Lucas</subfield>
      <subfield code="e">author</subfield>
   </datafield>
   <datafield ind2=" " ind1=" " tag="260">
      <subfield code="c">2022-03</subfield>
   </datafield>
   <datafield ind2=" " ind1=" " tag="520">
      <subfield code="a">This paper seeks to quantify the effects of the increasing penetration level of renewable distributed generation and energy storage systems on the regulated electricity market over time. More specifically, the emphasis is on the long-term implications of distributed energy resources on energy loss and how it affects the electricity market. The proposed methodology is based on a modified combination of the Bass diffusion model (time-series forecasting of the penetration level of distributed energy resources) and the optimized tariff model (socioeconomic regulated electricity market model). Such models have not previously been applied jointly, even though they exhibit great potential for long-term market assessment in the context of distributed energy resources integration. The methodology enables the analysis of multiple public policies regarding renewable distributed generation and energy storage systems, such as net billing schemes to accelerate their deployment. Furthermore, the methodology also enables the assessment of energy storage systems’ feasibility. By applying the methodology to a concession area in southern Brazil, results demonstrate that energy storage systems are feasible if combined with appropriate public policies, as a performance index (mean socioeconomic gain) of 329 (MR$) was obtained.</subfield>
   </datafield>
   <datafield ind2=" " ind1=" " tag="520">
      <subfield code="a">The authors wholeheartedly recognize the seminal contributions of Prof. Hector Arango (In Memoriam) in creating the former optimized tariff model (absence of DG and ESS) and in proofreading this paper. The authors gratefully acknowledge the support of the Federal University of Itajuba and Universitat Politècnica de Catalunya. The authors also gratefully acknowledge the financial support in part of CAPES – Coor-denaç˜ao de Aperfeiçoamento de Pessoal de Nível Superior – Brazil – Finance Code 001, CNPq – National Council for Scientific and Techno-logical Development – Brazil, INERGE, and FAPEMIG. Finally, the au-thors value the support of Jéssica Polite in increasing the figures’ resolution.</subfield>
   </datafield>
   <datafield ind2=" " ind1=" " tag="520">
      <subfield code="a">Peer Reviewed</subfield>
   </datafield>
   <datafield ind2=" " ind1=" " tag="520">
      <subfield code="a">Postprint (author's final draft)</subfield>
   </datafield>
   <datafield tag="653" ind2=" " ind1=" ">
      <subfield code="a">Àrees temàtiques de la UPC::Energies::Tecnologia energètica</subfield>
   </datafield>
   <datafield tag="653" ind2=" " ind1=" ">
      <subfield code="a">Energy storage</subfield>
   </datafield>
   <datafield tag="653" ind2=" " ind1=" ">
      <subfield code="a">Bass  diffusion  model</subfield>
   </datafield>
   <datafield tag="653" ind2=" " ind1=" ">
      <subfield code="a">Energy  loss</subfield>
   </datafield>
   <datafield tag="653" ind2=" " ind1=" ">
      <subfield code="a">Energy  storage  systems</subfield>
   </datafield>
   <datafield tag="653" ind2=" " ind1=" ">
      <subfield code="a">Public  policies</subfield>
   </datafield>
   <datafield tag="653" ind2=" " ind1=" ">
      <subfield code="a">Renewable  distributed  generation</subfield>
   </datafield>
   <datafield tag="653" ind2=" " ind1=" ">
      <subfield code="a">Socioeconomic  electricity  market  model</subfield>
   </datafield>
   <datafield tag="653" ind2=" " ind1=" ">
      <subfield code="a">Energia -- Emmagatzematge</subfield>
   </datafield>
   <datafield ind2="0" ind1="0" tag="245">
      <subfield code="a">Renewables with energy storage: A time-series socioeconomic model for business and welfare analysis</subfield>
   </datafield>
</record></metadata></record></GetRecord></OAI-PMH>